Je m'en fous de ta nana - Jul - Statistiques

Statistiques générales
  • Ce quiz a été pris 21 fois
  • Le résultat moyen est 180 sur 301
Statistiques - réponses
Réponse % Correct
de
100%
Je
100%
m'en
100%
Je
100%
je
100%
m'en
100%
nana
100%
ta
100%
fous
94%
ma
88%
la
81%
La
81%
Mama
81%
mama
81%
qui
81%
c'est
75%
Le
75%
le
75%
a
69%
à
69%
mal
69%
pas
69%
Pas
69%
première
69%
qu'à
69%
quand
69%
va
69%
y'a
69%
dégun
63%
degun
63%
Envie
63%
faire
63%
il
63%
Il
63%
malle
63%
tout
63%
tu
63%
Tu
63%
ça
56%
d'me
56%
fatigué
56%
Jul
56%
ami
50%
j'suis
50%
machine
50%
m'appelle
50%
Moi
50%
moi
50%
mon
50%
motivé
50%
on
50%
poto
50%
signe
50%
vais
50%
boco
44%
Chine
44%
comme
44%
dans
44%
ils
44%
j'sais
44%
J'sais
44%
jusqu'en
44%
les
44%
Non
44%
Oh
44%
se
44%
tchi
44%
un
44%
vie
44%
vus
44%
ai
38%
elle
38%
mais
38%
Mais
38%
ma-mal
38%
parle
38%
Pour
38%
sent
38%
shit
38%
suis
38%
t'as
38%
tirer
38%
Ton
38%
ton
38%
au
31%
bon
31%
caisse
31%
coltiné
31%
Embrouille
31%
ennemi
31%
fait
31%
j'y
31%
Laissez
31%
leurs
31%
ouais
31%
Pépé
31%
petit
31%
sait
31%
selfie
31%
sur
31%
toute
31%
une
31%
Vas-y
31%
viens
31%
vivre
31%
agis
25%
arriver
25%
bouteille
25%
cul
25%
des
25%
d'idées
25%
direct
25%
d'JB
25%
drôles
25%
eux
25%
faut
25%
J'ai
25%
j'prends
25%
matinée
25%
m'invitent
25%
parles
25%
pire
25%
qu't'essayes
25%
qu'y'a
25%
rimer
25%
t'aime
25%
trop
25%
civ'
19%
dîners
19%
d'moi
19%
fouille
19%
j'l'es
19%
j'manie
19%
m'vois
19%
preuve
19%
qu'tu
19%
serre
19%
verras
19%
d'calibre
13%
fille
13%
l'flingue
13%
m'dit
13%
j'm'le
6%
T'fermer
6%
Aucun quiz correspondant
Distribution des résultats
% des personnes avec chaque résultat
Percentile par nombre de réponses
Votre historique - résultats
Vous n’avez pas pris ce quiz